Instrumentos de protección social : caminos latinoamericanos hacia la universalización /

En este libro se reflexiona sobre las políticas públicas, los programas y los marcos regulatorios que, desde un enfoque de derechos, están permitiendo ampliar la cobertura y las prestaciones de la protección social en América Latina con miras a su universalización.\A través de los instrumentos de po...

Full description

Bibliographic Details
Other Authors: Cecchini, Simone (ed.)
Format: Libro
Language:Spanish
Published: Santiago, Chile Naciones Unidas 2015
Series:Libros de la CEPAL 136
Subjects:
Online Access:Acceso electronico al documento

MARC

LEADER 00000cam a2200000 a 4500
001 012914
003 UAHC_CL
005 20170803120948.0
008 160406s2015 cl 000 spa
020 |a 9789211218930 
040 |a UAHC_CL  |c UAHC_CL  |d UAHC_CL 
082 0 4 |a 362.098  |b I59  |2 21 
245 1 0 |a Instrumentos de protección social :  |b caminos latinoamericanos hacia la universalización /  |c editores Simone Cecchini ... [et al.]. 
260 |b Naciones Unidas  |a Santiago, Chile  |c 2015 
300 |a 506 p. 
490 0 |a Libros de la CEPAL  |v 136 
520 |a En este libro se reflexiona sobre las políticas públicas, los programas y los marcos regulatorios que, desde un enfoque de derechos, están permitiendo ampliar la cobertura y las prestaciones de la protección social en América Latina con miras a su universalización.\A través de los instrumentos de políticas y programas que se exponen y discuten, se pretende ofrecer al lector claves técnicas y programáticas que contribuyan al ensamblaje y la coordinación de las políticas públicas en sistemas consistentes y sostenibles de protección social. Combinando las orientaciones normativas, la acumulación de conocimiento técnico y los avances en el marco de la protección social con enfoque de derechos y énfasis en la idea de ciclo de vida, se brinda\al lector no solo una caja de herramientas restringida a la técnica puntual, sino también una discusión de economía política.\El libro consta de tres partes. En la primera, se aborda el contexto de las transformaciones en las políticas de protección social. En la segunda, se discuten los instrumentos de protección social desde una óptica de ciclo de vida, así como temas que tienen una importante dimensión espacial. En la última parte, se tratan temas transversales que son claves para emprender caminos hacia la universalización de la protección social. 
650 4 |a SEGURIDAD SOCIAL  |z AMERICA LATINA 
650 4 |a POLITICA PUBLICA (DERECHO)  |z AMERICA LATINA 
653 |a DERECHO 
653 |a TRABAJO SOCIAL 
700 1 |a Cecchini, Simone  |e ed. 
856 |u http://repositorio.cepal.org/bitstream/handle/11362/38821/S1500279_es.pdf?sequence=1  |3 Acceso electronico al documento  |y Acceso electronico al documento 
900 |a 362.098 INS 
942 |c BK 
952 |0 0  |1 0  |4 0  |6 362_098000000000000_INS  |7 0  |8 General  |9 26229  |a BC  |b BC  |c General  |d 2017-08-03  |l 0  |o 362.098 INS  |p 2056  |r 2026-01-13 00:00:00  |t 1  |w 2017-08-03  |y BK 
952 |0 0  |1 0  |4 0  |6 362_098000000000000_INS  |7 0  |8 General  |9 26230  |a BC  |b BC  |c General  |d 2017-08-03  |l 0  |o 362.098 INS  |p 2147  |r 2026-01-13 00:00:00  |t 2  |w 2017-08-03  |y BK 
999 |c 12914  |d 12914